00999nai a2200217Ia 4500003000900000008004100009022002300050040001600073245008500089260008600174310001300260362002400273521006900297650004700366650004000413650005000453856009300503942000700596999001700603952016100620IN-BaIIA211028c9999 xx s 000 0 eng d a2379-8793 (Online) cIIA Library 0aIEEE Journal on Multiscale and Multiphysics Computational Techniquesh[eJournal] aNew York, USAbThe Institute of Electrical and Electronics Engineers, Inc. (IEEE) aAnnually a1(); 2016 - Present bSubscribed through National Knowledge Resource Consortium (NKRC) a Components, Circuits, Devices and Systems a Fields, Waves and Electromagnetics aEngineered Materials, Dielectrics and Plasmas uhttps://ieeexplore.ieee.org/servlet/opac?punumber=7274859yClick Here to Access eJournal cEJ c34534d34534 00104070aBANbBANd2009-01-01eNKRCh1(); 2016 - Presentl0pEJ618r2021-11-05uhttps://ieeexplore.ieee.org/servlet/opac?punumber=7274859w2021-11-05yEJ